Retrato dum amigo enquanto falo (Registo nº 201916)

Detalhes MARC
000 -Etiqueta do registo
Valores 00614nam 22002173 4500
021 ## - Número do Depósito Legal
Código do país Portugal
100 ## - Dados gerais de processamento
Dados gerais 20241024d u||y0pory50 ba
101 ## - Língua de publicação
Língua Português
102 ## - País de publicação
País Portugal
200 ## - Titulo e menção de responsabilidade
Título próprio Retrato dum amigo enquanto falo
Primeira menção de responsabilidade Eduarda Dionísio
210 ## - Publicação
Local de publicação Lisboa
Nome do editor O armazém das letras
Data de publicação cop.1999
215 ## - Descrição física 
Paginação / Volumes 119 p.
Outras indicações físicas brochado
Dimensões 21 cm
300 ## - Notas gerais 
Texto da nota Dedicatória na folha de rosto
606 ## - Nome comum usado como assunto
Palavra de ordem Literatura Portuguesa
ID Autoridade 6
675 ## - CDU
Notação 821.134.3-3
Edição PT
Língua por
700 ## - Autor principal (pessoa individual)
ID Autoridade 9040
Apelido Dionísio
Nome Eduarda
Datas 1926-2023
801 ## - Fonte de origem
País PT
Agência BMMN
Regras de catalogação RPC
830 ## - Notas gerais do catalogador
Criado por Ana Falardo
Indexado por Ana Falardo
990 ## - Elementos KOHA
Tipo de documento Livro
Exemplares
Situação do levantamento Biblioteca de origem Código de barras Cota Permissão de empréstimo Tipo de documento Nota relativa ao exemplar Forma de aquisição
  Biblioteca Municipal de Montemor-o-Novo 31316 821.134.3-3 DIO|SAF   Livro Acesso Condicionado Oferta

Powered by Koha